e-Commerce Interstate v1.0 : a beginners guide to internet marketing /

Bibliographic Details
Main Author: Patten, Stephanne
Format: Book
Language:English
Published: Baltimore : PublishAmerica, [2004]
Subjects:

MARC

Tag First Indicator Second Indicator Subfields
LEADER 00000cam a2200000 a 4500
001 in00002016374
005 20151031144420.0
008 041130s2004 mdua 000 0 eng c
020 |a 1413700977 
035 |a (OCoLC)ocm60857276 
040 |a TXA  |c TXA  |d UtOrBLW 
042 |a pcc 
049 |a TXAM 
050 4 |a HF5415.1265  |b P38 2004 
100 1 |a Patten, Stephanne. 
245 1 0 |a e-Commerce Interstate v1.0 :  |b a beginners guide to internet marketing /  |c Stephanne Patten. 
264 1 |a Baltimore :  |b PublishAmerica,  |c [2004] 
264 4 |c ©2004 
300 |a 54 pages :  |b illustrations ;  |c 23 cm. 
336 |a text  |b txt  |2 rdacontent 
337 |a unmediated  |b n  |2 rdamedia 
338 |a volume  |b nc  |2 rdacarrier 
650 0 |a Internet marketing. 
650 0 |a Electronic commerce. 
948 |a cataloged  |b h  |c 2005/7/13  |d o  |e fpiscitelli  |f 10:49:32 am 
994 |a C0  |b TXA 
999 |a MARS 
999 f f |s e65684fd-de57-33e6-a8c2-101b807ac952  |i 3b74a3d3-553a-34a6-8e36-0ce58c887e41  |t 0 
952 f f |p ric  |a Texas A&M University  |b Rellis Campus  |c Joint Library Facility  |d Remote Storage  |t 0  |e HF5415.1265 P38 2004  |h Library of Congress classification  |i unmediated -- volume  |m A14829212207 
998 f f |a HF5415.1265 P38 2004  |t 0  |l Remote Storage